[Event "FRM-ch op 24th"]
[Site "Struga"]
[Date "2015.08.25"]
[Round "4"]
[White "Aleksovski, Aleksandar"]
[Black "Gentilleau, Jean Philippe"]
[Result "1/2-1/2"]
[WhiteElo "1970"]
[BlackElo "2185"]
[PlyCount "62"]
[EventDate "2015.08.22"]
[EventType "swiss"]
[EventRounds "9"]
[EventCountry "MKD"]
[SourceTitle "EXT 2016"]
[Source "ChessBase"]
[SourceDate "2015.10.08"]
[SourceVersion "1"]
[SourceVersionDate "2015.10.08"]
[SourceQuality "1"]

1. d4 e6 2. c4 d5 3. Nc3 Be7 4. Nf3 Nf6 5. e3 0-0 6. Qc2 b6 7. cxd5 exd5 8. h3 Bb7 9. Bd3 c5 10. b3 Nc6 11. a3 a6 12. 0-0 Bd6 13. Bb2 cxd4 14. Nxd4 Nxd4 15. exd4 Rc8 16. Bf5 Rc7 17. Rfe1 Re8 18. Qd2 Rce7 19. Rxe7 Qxe7 20. Bd3 Bc7 21. b4 Qd6 22. g3 Ne4 23. Bxe4 dxe4 24. Nd1 Qe6 25. Qc3 e3 26. d5 exf2+ 27. Nxf2 Qe5 28. Qxe5 Bxe5 29. Bxe5 Rxe5 30. Rc1 Re8 31. d6 Rc8 1/2-1/2

[Event "FRM-ch op 24th"]
[Site "Struga"]
[Date "2015.08.22"]
[Round "1"]
[White "Gentilleau, Jean Philippe"]
[Black "Jordanov, Nikola"]
[Result "1-0"]
[WhiteElo "2185"]
[BlackElo "1574"]
[PlyCount "43"]
[EventDate "2015.08.22"]
[EventType "swiss"]
[EventRounds "9"]
[EventCountry "MKD"]
[SourceTitle "EXT 2016"]
[Source "ChessBase"]
[SourceDate "2015.10.08"]
[SourceVersion "1"]
[SourceVersionDate "2015.10.08"]
[SourceQuality "1"]

1. Nf3 d5 2. c4 e6 3. d4 Nf6 4. g3 g6 5. Bg2 Bg7 6. 0-0 0-0 7. Nc3 b6 8. Bf4 Bb7 9. Qb3 c5 10. dxc5 dxc4 11. Qxc4 Ba6 12. Qa4 Qd7 13. Qa3 Bb7 14. Bd6 Rd8 15. Rfd1 Nd5 16. Bxb8 Rdxb8 17. e4 Bxc3 18. exd5 Bxb2 19. Qxb2 Bxd5 20. Ne5 bxc5 21. Qxb8+ Rxb8 22. Nxd7 1-0

[Event "Olympiad-40"]
[Site "Istanbul"]
[Date "2012.08.31"]
[Round "4.2"]
[White "Mustafa, Wail"]
[Black "Gentilleau, Jean Philippe"]
[Result "0-1"]
[WhiteElo "2075"]
[BlackElo "2205"]
[PlyCount "112"]
[EventDate "2012.08.28"]
[EventType "team-swiss"]
[EventRounds "11"]
[EventCountry "TUR"]
[SourceTitle "CBM 151"]
[Source "ChessBase"]
[SourceDate "2012.11.13"]
[SourceVersion "1"]
[SourceVersionDate "2012.11.13"]
[SourceQuality "1"]
[WhiteTeam "Palestine"]
[BlackTeam "Monaco"]
[WhiteTeamCountry "PLE"]
[BlackTeamCountry "MNC"]

1. Nf3 Nf6 2. d4 e6 3. e3 b6 4. c4 Bb7 5. Nbd2 c5 6. Be2 Be7 7. dxc5 bxc5 8. 0-0 0-0 9. b3 d6 10. Qc2 Nc6 11. Bb2 h6 12. Rfd1 Qc7 13. Rac1 Rfd8 14. Bc3 Nd7 15. Nf1 Bf6 16. Ng3 Nb4 17. Qb2 Bxc3 18. Rxc3 a5 19. a3 Nc6 20. Rcd3 Nde5 21. Nxe5 Nxe5 22. R3d2 Qc6 23. e4 Ng6 24. Nh5 e5 25. Qc3 Qc7 26. Bd3 Qe7 27. Bc2 Nf8 28. Ng3 g6 29. Qe3 Kg7 30. f4 exf4 31. Qxf4 Ne6 32. Qg4 Qg5 33. Qxg5 hxg5 34. Rxd6 Nd4 35. Rxd8 Rxd8 36. Kf2 Rb8 37. Rd2 Bc8 38. Bd1 Be6 39. Rd3 a4 40. b4 Bxc4 41. Rd2 Ne6 42. Bxa4 cxb4 43. axb4 Rxb4 44. Bc6 Nf4 45. Bd5 Bb5 46. Kf3 Kf6 47. h4 gxh4 48. Kxf4 hxg3 49. Kxg3 Ke7 50. Ra2 f6 51. Ra7+ Bd7 52. Kf3 Rb6 53. Ke3 Kd6 54. Bf7 g5 55. Ra8 Bc6 56. Bg6 Bxa8 0-1

[Event "Cappelle op 27th"]
[Site "Cappelle la Grande"]
[Date "2011.03.01"]
[Round "5"]
[White "Kovchan, Alexander"]
[Black "Gentilleau, Jean Philippe"]
[Result "1-0"]
[WhiteElo "2561"]
[BlackElo "2208"]
[PlyCount "77"]
[EventDate "2011.02.26"]
[EventType "swiss"]
[EventRounds "9"]
[EventCountry "FRA"]
[SourceTitle "CBM 141 Extra"]
[Source "ChessBase"]
[SourceDate "2011.05.03"]
[SourceVersion "1"]
[SourceVersionDate "2011.05.03"]
[SourceQuality "1"]

1. e4 c5 2. Nf3 d6 3. d4 cxd4 4. Nxd4 Nf6 5. Nc3 Nc6 6. f3 e5 7. Nb3 Be7 8. Be3 0-0 9. Qd2 a5 10. Bb5 Na7 11. Bd3 Be6 12. Rd1 Nc8 13. a4 Qc7 14. Nb5 Qd8 15. c4 Ne8 16. 0-0 h6 17. Qc2 Bg5 18. Bf2 Ne7 19. c5 Rc8 20. Bc4 Bxc4 21. Qxc4 b6 22. Qd3 bxc5 23. Nxc5 Nc6 24. Nb7 Qf6 25. N7xd6 Nb4 26. Qb3 Nxd6 27. Rxd6 Qe7 28. Rfd1 Rfd8 29. Rxd8+ Rxd8 30. Bb6 Rd2 31. Rxd2 Bxd2 32. Na3 Be1 33. Qd1 Bh4 34. Nc4 Nc6 35. Qd6 Qxd6 36. Nxd6 Be1 37. Kf1 Bb4 38. Nf5 h5 39. Ke2 1-0

[Event "Cappelle op 27th"]
[Site "Cappelle la Grande"]
[Date "2011.02.28"]
[Round "3"]
[White "Solomon, Kenny"]
[Black "Gentilleau, Jean Philippe"]
[Result "1-0"]
[WhiteElo "2425"]
[BlackElo "2208"]
[PlyCount "55"]
[EventDate "2011.02.26"]
[EventType "swiss"]
[EventRounds "9"]
[EventCountry "FRA"]
[SourceTitle "CBM 141 Extra"]
[Source "ChessBase"]
[SourceDate "2011.05.03"]
[SourceVersion "1"]
[SourceVersionDate "2011.05.03"]
[SourceQuality "1"]

1. d4 d5 2. c4 e6 3. Nf3 Nf6 4. g3 Be7 5. Bg2 0-0 6. 0-0 dxc4 7. Qc2 a6 8. Qxc4 b5 9. Qc2 Bb7 10. Bd2 Be4 11. Qc1 Bb7 12. Rd1 Nbd7 13. Ba5 Bd6 14. Nbd2 Qb8 15. b4 e5 16. Nb3 exd4 17. Nbxd4 Ne5 18. Nf5 Nc4 19. Nxg7 Ne4 20. Nf5 Kh8 21. Nxd6 cxd6 22. Nd4 f5 23. f3 Nf6 24. Nxf5 Qa7+ 25. Kh1 Qf2 26. Qg5 Rf7 27. Nxd6 Nxd6 28. Rxd6 1-0

[Event "FRA-chT1 1011"]
[Site "France"]
[Date "2010.12.11"]
[Round "4.6"]
[White "Gentilleau, Jean Philippe"]
[Black "Guedon, Stephane"]
[Result "1-0"]
[WhiteElo "2208"]
[BlackElo "2206"]
[PlyCount "55"]
[EventDate "2010.10.17"]
[EventType "team-tourn"]
[EventRounds "11"]
[EventCountry "FRA"]
[SourceTitle "EXT 2012"]
[Source "ChessBase"]
[SourceDate "2011.11.24"]
[SourceVersion "1"]
[SourceVersionDate "2011.11.24"]
[SourceQuality "1"]

1. e4 c5 2. Nf3 d6 3. d4 cxd4 4. Qxd4 a6 5. c4 Nc6 6. Qd2 g6 7. b3 Bh6 8. Qc3 f6 9. Be2 Bxc1 10. Qxc1 Qa5+ 11. Nc3 Nh6 12. 0-0 Nf7 13. a3 Bg4 14. b4 Qd8 15. Qe3 0-0 16. Rfd1 Qe8 17. Nd5 Rd8 18. b5 Nb8 19. Nd4 Bc8 20. Nc7 Qd7 21. Nce6 Qe8 22. Rac1 Bxe6 23. Nxe6 Rc8 24. Nxf8 Kxf8 25. Qb6 Nd8 26. Bg4 f5 27. exf5 Nd7 28. Qd4 1-0

[Event "Olympiad-39"]
[Site "Khanty-Mansiysk"]
[Date "2010.09.25"]
[Round "5.3"]
[White "Gentilleau, Jean Philippe"]
[Black "Vella, Duncan"]
[Result "1/2-1/2"]
[WhiteElo "2182"]
[BlackElo "2041"]
[PlyCount "62"]
[EventDate "2010.09.21"]
[EventType "team-swiss"]
[EventRounds "11"]
[EventCountry "RUS"]
[SourceTitle "CBM 139"]
[Source "ChessBase"]
[SourceDate "2010.11.18"]
[SourceVersion "1"]
[SourceVersionDate "2010.11.18"]
[SourceQuality "1"]
[WhiteTeam "Monaco"]
[BlackTeam "Malta"]
[WhiteTeamCountry "MNC"]
[BlackTeamCountry "MLT"]

1. e4 c5 2. Nf3 d6 3. Bb5+ Bd7 4. Bxd7+ Qxd7 5. 0-0 Nc6 6. c4 Nf6 7. Nc3 g6 8. d4 cxd4 9. Nxd4 Bg7 10. Nde2 0-0 11. f3 Rac8 12. Be3 Qd8 13. Qd2 Qa5 14. Rac1 Rfd8 15. b3 a6 16. Rfd1 b5 17. Nd5 Qxd2 18. Rxd2 bxc4 19. Rxc4 Nxd5 20. Rxd5 e6 21. Rd2 d5 22. exd5 exd5 23. Ra4 d4 24. Nxd4 Nxd4 25. Bxd4 Bxd4+ 26. Raxd4 Rxd4 27. Rxd4 Rc1+ 28. Kf2 Rc2+ 29. Kg3 Rxa2 30. Ra4 Rxa4 31. bxa4 Kg7 1/2-1/2

[Event "Olympiad-39"]
[Site "Khanty-Mansiysk"]
[Date "2010.09.21"]
[Round "1.3"]
[White "Vuckovic, Bojan"]
[Black "Gentilleau, Jean Philippe"]
[Result "1-0"]
[WhiteElo "2615"]
[BlackElo "2182"]
[PlyCount "55"]
[EventDate "2010.09.21"]
[EventType "team-swiss"]
[EventRounds "11"]
[EventCountry "RUS"]
[SourceTitle "CBM 139"]
[Source "ChessBase"]
[SourceDate "2010.11.18"]
[SourceVersion "1"]
[SourceVersionDate "2010.11.18"]
[SourceQuality "1"]
[WhiteTeam "Serbia"]
[BlackTeam "Monaco"]
[WhiteTeamCountry "YUG"]
[BlackTeamCountry "MNC"]

1. e4 c5 2. Nf3 d6 3. d4 cxd4 4. Nxd4 Nf6 5. Nc3 Nc6 6. Bg5 e6 7. Qd2 Be7 8. 0-0-0 0-0 9. f4 Nxd4 10. Qxd4 Qa5 11. Bc4 Bd7 12. e5 dxe5 13. fxe5 Bc6 14. Bd2 Nd7 15. Nd5 Qc5 16. Nxe7+ Qxe7 17. Rhe1 Nb6 18. Bf1 Rfd8 19. Qg4 Rac8 20. Kb1 Qc5 21. Bd3 Na4 22. Bc1 Qb6 23. Ka1 Bb5 24. Be3 Qa5 25. Bh6 g6 26. Qh4 Nc3 27. a3 Nd5 28. Bxb5 1-0

[Event "FRA-chT1 0910"]
[Site "France"]
[Date "2009.10.18"]
[Round "3.7"]
[White "Bressac, Stephane"]
[Black "Gentilleau, Jean Philippe"]
[Result "1/2-1/2"]
[WhiteElo "2153"]
[BlackElo "2184"]
[PlyCount "116"]
[EventDate "2009.09.27"]
[EventType "team-tourn"]
[EventRounds "11"]
[EventCountry "FRA"]
[SourceTitle "EXT 2011"]
[Source "ChessBase"]
[SourceDate "2010.11.26"]
[SourceVersion "1"]
[SourceVersionDate "2010.11.26"]
[SourceQuality "1"]

1. e4 g6 2. d4 Bg7 3. Nc3 c6 4. Be3 d5 5. Qd2 dxe4 6. Nxe4 Nd7 7. 0-0-0 Ngf6 8. Nxf6+ Nxf6 9. f3 Nd5 10. Bh6 Bxh6 11. Qxh6 Qd6 12. c4 Nf6 13. Ne2 Be6 14. Nc3 0-0-0 15. Qe3 Kb8 16. a3 Rc8 17. Be2 Rhd8 18. g3 h5 19. Rhe1 Bf5 20. Bd3 Bxd3 21. Rxd3 Rd7 22. Red1 Rcd8 23. Kb1 e6 24. Qg5 Qe7 25. Qe5+ Rc7 26. Na4 Nd7 27. Qe3 Qf6 28. f4 Qf5 29. Ka1 Qa5 30. Nc5 Rcc8 31. Ka2 Qc7 32. b4 Nxc5 33. dxc5 Rxd3 34. Qxd3 a5 35. Kb3 b6 36. cxb6 Qxb6 37. c5 Qb7 38. Qd7 Rc7 39. Qe8+ Ka7 40. Rd8 axb4 41. axb4 Rd7 42. Ra8+ Qxa8 43. Qxd7+ Qb7 44. Qxb7+ Kxb7 45. Kc4 Ka6 46. h3 f6 47. g4 h4 48. g5 fxg5 49. fxg5 e5 50. Kd3 Kb5 51. Ke4 Kxb4 52. Kxe5 Kxc5 53. Kf6 Kd4 54. Kxg6 c5 55. Kh5 c4 56. g6 c3 57. g7 c2 58. g8Q c1Q 1/2-1/2

[Event "EU-Cup 25th"]
[Site "Ohrid"]
[Date "2009.10.05"]
[Round "2.3"]
[White "Gentilleau, Jean Philippe"]
[Black "Westerinen, Heikki MJ"]
[Result "1/2-1/2"]
[WhiteElo "2184"]
[BlackElo "2315"]
[PlyCount "43"]
[EventDate "2009.10.04"]
[EventType "team-swiss"]
[EventRounds "7"]
[EventCountry "MKD"]
[SourceTitle "CBM 133"]
[Source "ChessBase"]
[SourceDate "2009.11.19"]
[SourceVersion "1"]
[SourceVersionDate "2009.11.19"]
[SourceQuality "1"]
[WhiteTeam "Monte Carlo"]
[BlackTeam "Salsk Salon"]
[WhiteTeamCountry "MNC"]
[BlackTeamCountry "FIN"]

1. Nf3 Nf6 2. c4 g6 3. d4 Bg7 4. Nc3 0-0 5. e4 d6 6. Be2 Bg4 7. Be3 Nc6 8. d5 Bxf3 9. gxf3 Nb8 10. Qd2 e5 11. dxe6 fxe6 12. 0-0-0 Nc6 13. c5 dxc5 14. Bxc5 Qxd2+ 15. Rxd2 Rfd8 16. Rhd1 a6 17. Be3 Rxd2 18. Rxd2 Rd8 19. f4 Rxd2 20. Kxd2 Kf7 21. Bf3 e5 22. Be2 1/2-1/2

[Event "EU Small Countries ol"]
[Site "Andorra"]
[Date "2009.06.21"]
[Round "1"]
[White "Gentilleau, Jean Philippe"]
[Black "Constantinou, Pavlos"]
[Result "1/2-1/2"]
[WhiteElo "2152"]
[BlackElo "2018"]
[PlyCount "47"]
[EventDate "2009.06.21"]
[EventType "team"]
[EventRounds "9"]
[EventCountry "AND"]
[SourceTitle "CBM 130 Extra"]
[Source "ChessBase"]
[SourceDate "2009.07.02"]
[SourceVersion "2"]
[SourceVersionDate "2009.07.15"]
[SourceQuality "1"]

1. e4 c5 2. Nf3 g6 3. c3 Bg7 4. d4 cxd4 5. cxd4 d5 6. exd5 Nf6 7. Bb5+ Nbd7 8. Nc3 0-0 9. 0-0 Nb6 10. Re1 Nbxd5 11. Nxd5 Nxd5 12. Bg5 a6 13. Bc4 b5 14. Bxd5 Qxd5 15. Bxe7 Re8 16. h3 Bb7 17. a4 Qf5 18. Ra3 Qd7 19. Bc5 Bxf3 20. Rxf3 bxa4 21. Rfe3 Rab8 22. Qd2 Qb5 23. R1e2 Red8 24. Ra3 1/2-1/2

[Event "FRA-chT2 South 0809"]
[Site "France"]
[Date "2009.04.04"]
[Round "10.6"]
[White "Gentilleau, Jean Philippe"]
[Black "Guerin, Gilles"]
[Result "1/2-1/2"]
[WhiteElo "2148"]
[BlackElo "2220"]
[PlyCount "72"]
[EventDate "2008.10.12"]
[EventType "team-tourn"]
[EventRounds "11"]
[EventCountry "FRA"]
[SourceTitle "EXT 2010"]
[Source "ChessBase"]
[SourceDate "2010.11.25"]
[SourceVersion "1"]
[SourceVersionDate "2010.11.25"]
[SourceQuality "1"]
[WhiteTeam "Monaco"]
[BlackTeam "Montpellier Diagonale"]
[WhiteTeamCountry "FRA"]
[BlackTeamCountry "FRA"]

1. e4 e5 2. Bc4 Nf6 3. d3 c6 4. Nf3 d5 5. exd5 cxd5 6. Bb5+ Bd7 7. Bxd7+ Nbxd7 8. 0-0 Bd6 9. Bg5 Qb6 10. Nbd2 Qxb2 11. Rb1 Qxa2 12. d4 e4 13. Nh4 Qa6 14. Nf5 0-0 15. f3 Rfe8 16. fxe4 dxe4 17. c4 Bf8 18. Kh1 g6 19. Ne3 Bg7 20. Qe1 h6 21. Bh4 Qc6 22. Qf2 b6 23. Nb3 Rf8 24. d5 Qd6 25. Nd4 Nh5 26. Nc6 g5 27. Nf5 Qc5 28. Qe2 Nhf6 29. Bf2 Qa3 30. Nxg7 Kxg7 31. Bd4 Rae8 32. Qf2 Qd6 33. Rb3 Kg8 34. Qf5 Nh5 35. Rh3 Ng7 36. Qf2 f5 1/2-1/2

[Event "FRA-chT2 South 0809"]
[Site "France"]
[Date "2009.01.18"]
[Round "6.5"]
[White "Fortuit, Nicolas"]
[Black "Gentilleau, Jean Philippe"]
[Result "0-1"]
[WhiteElo "2099"]
[BlackElo "2148"]
[PlyCount "96"]
[EventDate "2008.10.12"]
[EventType "team-tourn"]
[EventRounds "11"]
[EventCountry "FRA"]
[SourceTitle "EXT 2010"]
[Source "ChessBase"]
[SourceDate "2010.11.25"]
[SourceVersion "1"]
[SourceVersionDate "2010.11.25"]
[SourceQuality "1"]
[WhiteTeam "Marseille Echecs II"]
[BlackTeam "Monaco"]
[WhiteTeamCountry "FRA"]
[BlackTeamCountry "FRA"]

1. e4 c5 2. Nf3 d6 3. d4 cxd4 4. Nxd4 Nf6 5. Nc3 Nc6 6. Bc4 Qb6 7. Nb3 e6 8. 0-0 a6 9. Be3 Qc7 10. f4 Be7 11. a4 0-0 12. Qe2 b6 13. g4 Bb7 14. g5 Nd7 15. Bd3 Nb4 16. Rf3 Rfe8 17. Rh3 Nf8 18. Rf1 d5 19. exd5 Nxd3 20. Qxd3 Rad8 21. Qd4 Bxd5 22. Qxb6 Qc8 23. Rg3 Rd6 24. Qc5 Rc6 25. Qa7 Rc7 26. Qb6 Ba8 27. Rd1 Rc6 28. Qa5 Rc4 29. Nd2 Rb4 30. Nb3 Qb7 31. Kf2 Ng6 32. f5 exf5 33. Qxf5 Rd8 34. Rxd8+ Bxd8 35. Rg1 Bb6 36. Nc5 Bxc5 37. Qxc5 Rxb2 38. Qf5 Qc7 39. Bd4 Rxc2+ 40. Ke1 Rxc3 41. Bxc3 Qxc3+ 42. Ke2 Qb2+ 43. Ke1 Qc1+ 44. Kf2 Qd2+ 45. Kf1 Bd5 46. Qc8+ Nf8 47. Qxa6 Qd1+ 48. Kf2 Qd4+ 0-1

[Event "FRA-chT2 South 0809"]
[Site "France"]
[Date "2008.11.23"]
[Round "3.6"]
[White "Gentilleau, Jean Philippe"]
[Black "Zaninetti, Laurent"]
[Result "1-0"]
[WhiteElo "2148"]
[BlackElo "1991"]
[PlyCount "59"]
[EventDate "2008.10.12"]
[EventType "team-tourn"]
[EventRounds "11"]
[EventCountry "FRA"]
[SourceTitle "EXT 2010"]
[Source "ChessBase"]
[SourceDate "2010.11.25"]
[SourceVersion "1"]
[SourceVersionDate "2010.11.25"]
[SourceQuality "1"]
[WhiteTeam "Monaco"]
[BlackTeam "Agen"]
[WhiteTeamCountry "FRA"]
[BlackTeamCountry "FRA"]

1. e4 c6 2. d4 d5 3. exd5 cxd5 4. c4 Nf6 5. Nc3 Nc6 6. Nf3 Be6 7. Bg5 Qa5 8. Qb3 0-0-0 9. c5 Ne4 10. Be3 g5 11. Bb5 Bg7 12. Bxc6 bxc6 13. 0-0 h6 14. Qc2 Bf5 15. Nxe4 Bxe4 16. Qe2 f5 17. Bd2 Qc7 18. Bc3 Bxf3 19. Qxf3 f4 20. Rfe1 Rhf8 21. Re6 Rf6 22. Rae1 Rxe6 23. Rxe6 Qd7 24. Qe2 Bf6 25. Qa6+ Qb7 26. Rxc6+ Kb8 27. Qa4 f3 28. gxf3 Rc8 29. Rxc8+ Qxc8 30. Qb3+ 1-0

[Event "Olympiad-38"]
[Site "Dresden"]
[Date "2008.11.16"]
[Round "4"]
[White "Jose Queralto, Daniel"]
[Black "Gentilleau, Jean Philippe"]
[Result "1/2-1/2"]
[WhiteElo "2125"]
[BlackElo "2158"]
[PlyCount "82"]
[EventDate "2008.11.13"]
[EventType "team-swiss"]
[EventRounds "11"]
[EventCountry "GER"]
[SourceTitle "CBM 128"]
[Source "ChessBase"]
[SourceDate "2009.01.28"]
[SourceVersion "1"]
[SourceVersionDate "2009.01.28"]
[SourceQuality "1"]
[WhiteTeam "Andorra"]
[BlackTeam "Monaco"]
[WhiteTeamCountry "AND"]
[BlackTeamCountry "MNC"]

1. e4 g6 2. d4 Bg7 3. Nf3 d6 4. Be2 Nf6 5. Nc3 0-0 6. 0-0 c6 7. h3 Nbd7 8. Bf4 Nh5 9. Bh2 e5 10. dxe5 dxe5 11. Qd6 Qa5 12. a3 Nf4 13. Bc4 Qc5 14. Qxc5 Nxc5 15. Rfd1 b5 16. Ba2 a5 17. Nd2 Be6 18. Kf1 Rfd8 19. Bxe6 Ncxe6 20. Nf3 b4 21. Ne2 Nc5 22. Nxf4 exf4 23. axb4 Rxd1+ 24. Rxd1 axb4 25. b3 Ne6 26. g3 fxg3 27. Bxg3 Bc3 28. Be5 Nc5 29. Bxc3 bxc3 30. Re1 Rd8 31. Re3 Nxb3 32. Rxc3 Nd4 33. Rd3 Ne6 34. Rxd8+ Nxd8 35. Ke2 Kf8 36. Ke3 Ke7 37. e5 Ne6 38. Nd2 f6 39. exf6+ Kxf6 40. h4 Kf5 41. Ne4 Ke5 1/2-1/2

[Event "Olympiad-38"]
[Site "Dresden"]
[Date "2008.11.15"]
[Round "3"]
[White "Laylo, Darwin"]
[Black "Gentilleau, Jean Philippe"]
[Result "1-0"]
[WhiteElo "2507"]
[BlackElo "2158"]
[PlyCount "97"]
[EventDate "2008.11.13"]
[EventType "team-swiss"]
[EventRounds "11"]
[EventCountry "GER"]
[SourceTitle "CBM 128"]
[Source "ChessBase"]
[SourceDate "2009.01.28"]
[SourceVersion "1"]
[SourceVersionDate "2009.01.28"]
[SourceQuality "1"]
[WhiteTeam "Philippines"]
[BlackTeam "Monaco"]
[WhiteTeamCountry "PHI"]
[BlackTeamCountry "MNC"]

1. c4 e6 2. Nc3 d5 3. d4 Be7 4. Nf3 Nf6 5. Bg5 0-0 6. Qc2 Nbd7 7. e3 h6 8. Bh4 c5 9. cxd5 Nxd5 10. Bxe7 Qxe7 11. Nxd5 exd5 12. dxc5 Nxc5 13. Be2 Bg4 14. 0-0 Rac8 15. Rad1 Rfd8 16. Nd4 Bxe2 17. Qxe2 Ne6 18. Qb5 a6 19. Qb3 Rc4 20. Nf3 b5 21. Qd3 d4 22. Ne5 dxe3 23. Qxe3 Rc2 24. Qb3 Rxd1 25. Qxc2 Rxf1+ 26. Kxf1 Qd6 27. Nf3 Qd5 28. b3 Qb7 29. h4 g6 30. Kg1 h5 31. Qc3 Qd7 32. Qf6 Qd1+ 33. Kh2 Qd8 34. Qxd8+ Nxd8 35. Nd4 Kf8 36. Kg3 Ke7 37. Kf4 f6 38. f3 Nf7 39. Ke4 Kd6 40. g4 hxg4 41. fxg4 Ne5 42. h5 gxh5 43. gxh5 Ke7 44. Nf3 Nc6 45. Nd4 Ne5 46. Ne2 Nc6 47. Nf4 Kf7 48. Nd3 Ke7 49. Kd5 1-0

[Event "FRA-chT2 South 0708"]
[Site "France"]
[Date "2008.04.05"]
[Round "10.3"]
[White "Laclau, Daniel"]
[Black "Gentilleau, Jean Philippe"]
[Result "1/2-1/2"]
[WhiteElo "2280"]
[BlackElo "2155"]
[PlyCount "44"]
[EventDate "2007.10.21"]
[EventType "team"]
[EventRounds "11"]
[EventCountry "FRA"]
[SourceTitle "EXT 2009"]
[Source "ChessBase"]
[SourceDate "2008.11.26"]
[SourceVersion "1"]
[SourceVersionDate "2008.11.26"]
[SourceQuality "1"]
[WhiteTeam "Saint Affrique"]
[BlackTeam "Monaco"]
[WhiteTeamCountry "FRA"]
[BlackTeamCountry "FRA"]

1. d4 e6 2. Nf3 c5 3. c3 d5 4. e3 Nc6 5. Nbd2 Bd6 6. Bd3 Nf6 7. 0-0 0-0 8. dxc5 Bxc5 9. b4 Bd6 10. a3 Bd7 11. Bb2 Ne5 12. Nxe5 Bxe5 13. Qe2 Rc8 14. Rac1 a6 15. f4 Bb8 16. c4 Bc6 17. cxd5 exd5 18. Nf3 Re8 19. Ne5 Bxe5 20. Bxe5 Ne4 21. Qb2 f6 22. Bd4 Qd7 1/2-1/2

[Event "FRA-chT2 South 0708"]
[Site "France"]
[Date "2008.01.19"]
[Round "5.6"]
[White "Gentilleau, Jean Philippe"]
[Black "Bassolet, Gabin"]
[Result "1/2-1/2"]
[WhiteElo "2167"]
[BlackElo "1954"]
[PlyCount "95"]
[EventDate "2007.10.21"]
[EventType "team"]
[EventRounds "11"]
[EventCountry "FRA"]
[SourceTitle "EXT 2009"]
[Source "ChessBase"]
[SourceDate "2008.11.26"]
[SourceVersion "1"]
[SourceVersionDate "2008.11.26"]
[SourceQuality "1"]
[WhiteTeam "Monaco"]
[BlackTeam "Montpellier Diagonale"]
[WhiteTeamCountry "FRA"]
[BlackTeamCountry "FRA"]

1. e4 c5 2. Nf3 d6 3. d4 cxd4 4. Qxd4 Nc6 5. Bb5 Bd7 6. Bxc6 bxc6 7. c4 h6 8. Nc3 e5 9. Qd3 Nf6 10. 0-0 Be7 11. c5 Bg4 12. cxd6 Bxd6 13. Rd1 Bc7 14. Qc4 Bd7 15. Be3 0-0 16. Na4 Qc8 17. Nd2 Ng4 18. Bc5 Be6 19. Qc3 Re8 20. f3 Nf6 21. Bf2 Qa6 22. Nc5 Qa5 23. b4 Qb5 24. a4 Qb8 25. Na6 Qb7 26. Nxc7 Qxc7 27. Rac1 Red8 28. b5 c5 29. Qxc5 Qa5 30. Nf1 Rxd1 31. Rxd1 Qxa4 32. Rb1 Qa2 33. Rd1 Qb3 34. Ra1 Qb2 35. Rd1 Qb3 36. Ne3 Rb8 37. Qxa7 Rxb5 38. Qc7 Qb2 39. Qd8+ Kh7 40. Qd3 Rb3 41. Qd2 Qa3 42. Qc1 Qa2 43. Qa1 Rd3 44. Qxa2 Rxd1+ 45. Nxd1 Bxa2 46. Nc3 Bc4 47. Nd1 h5 48. Bg3 1/2-1/2

[Event "FRA-chT2 South 0708"]
[Site "France"]
[Date "2007.11.25"]
[Round "3.4"]
[White "Gentilleau, Jean Philippe"]
[Black "Laurain, Dominique"]
[Result "1/2-1/2"]
[WhiteElo "2181"]
[BlackElo "2027"]
[PlyCount "41"]
[EventDate "2007.10.21"]
[EventType "team"]
[EventRounds "11"]
[EventCountry "FRA"]
[SourceTitle "EXT 2009"]
[Source "ChessBase"]
[SourceDate "2008.11.26"]
[SourceVersion "1"]
[SourceVersionDate "2008.11.26"]
[SourceQuality "1"]
[WhiteTeam "Monaco"]
[BlackTeam "Tournefeuille"]
[WhiteTeamCountry "FRA"]
[BlackTeamCountry "FRA"]

1. b3 Nf6 2. Bb2 d5 3. e3 e6 4. f4 c5 5. Nf3 Bd7 6. Be2 Nc6 7. 0-0 a6 8. Ne5 b5 9. d4 Qb6 10. Kh1 Rd8 11. Nd2 c4 12. Ndf3 Ne4 13. Nxc6 Bxc6 14. c3 b4 15. Rc1 bxc3 16. Bxc3 Ba3 17. Rc2 cxb3 18. axb3 Bb5 19. Be1 0-0 20. Ra2 Bxe2 21. Rxe2 1/2-1/2

[Event "Mediterranean-ch 5th"]
[Site "Sousse"]
[Date "2007.??.??"]
[Round "6"]
[White "Ben Nasser, Khaled"]
[Black "Gentilleau, Jean Philippe"]
[Result "1/2-1/2"]
[WhiteElo "2270"]
[BlackElo "2181"]
[PlyCount "32"]
[EventDate "2007.11.27"]
[EventType "swiss"]
[EventRounds "9"]
[EventCountry "TUN"]
[SourceTitle "CBM 121 Extra"]
[Source "ChessBase"]
[SourceDate "2008.01.10"]
[SourceVersion "1"]
[SourceVersionDate "2008.01.10"]
[SourceQuality "1"]

1. d4 e6 2. Nf3 Nf6 3. g3 c5 4. Bg2 cxd4 5. Nxd4 d5 6. 0-0 e5 7. Nb3 Nc6 8. Bg5 Be6 9. Nc3 d4 10. Ne4 Be7 11. Bxf6 Bxf6 12. Nbc5 Bc8 13. c3 Be7 14. cxd4 exd4 15. Rc1 0-0 16. Qa4 Qb6 1/2-1/2

[Event "Mediterranean-ch 5th"]
[Site "Sousse"]
[Date "2007.??.??"]
[Round "7"]
[White "Gentilleau, Jean Philippe"]
[Black "Cordara, Michele"]
[Result "1/2-1/2"]
[WhiteElo "2181"]
[BlackElo "2117"]
[PlyCount "47"]
[EventDate "2007.11.27"]
[EventType "swiss"]
[EventRounds "9"]
[EventCountry "TUN"]
[SourceTitle "CBM 121 Extra"]
[Source "ChessBase"]
[SourceDate "2008.01.10"]
[SourceVersion "1"]
[SourceVersionDate "2008.01.10"]
[SourceQuality "1"]

1. Nf3 Nf6 2. d4 e6 3. c4 b6 4. g3 Bb7 5. Bg2 Be7 6. 0-0 0-0 7. Nc3 d5 8. Ne5 Nbd7 9. Bf4 c6 10. Rc1 Nxe5 11. dxe5 Ne8 12. cxd5 exd5 13. Qd3 Nc7 14. Rfd1 Ne6 15. Be3 Qb8 16. Bf4 g5 17. Bd2 Qxe5 18. e3 Nc5 19. Qc2 Ne6 20. a3 Ba6 21. Qa4 Bb7 22. Qc2 d4 23. Ne2 dxe3 24. Bxe3 1/2-1/2